| 000 | 00989cpcaa2200265 a 4500 | ||
|---|---|---|---|
| 001 | mm2010085531 | ||
| 003 | DLC | ||
| 005 | 20260227111732.0 | ||
| 008 | 100305|||||||||||| eng | ||
| 010 | _amm2010085531 | ||
| 040 |
_aDLC _edacs _cDLC _dDLC |
||
| 072 | 7 |
_aW _2lcmd |
|
| 100 | 1 |
_aGrant, J., _dactive 1861. |
|
| 245 | 0 | 0 |
_aJ. Grant correspondence, _f1861. |
| 300 |
_a1 _fitem. |
||
| 506 | 0 | _aOpen to research. | |
| 520 | 8 | _aALS (1861 May 21; Lancaster, Iowa) from Grant to Mr. Frame pertaining chiefly to the secession of the southern states. | |
| 546 | _aCollection material in English. | ||
| 580 | _aForms part of: Miscellaneous Manuscripts collection. | ||
| 650 | 0 |
_aSecession _zSouthern States. |
|
| 651 | 0 |
_aConfederate States of America _xHistory. |
|
| 651 | 0 |
_aUnited States _xHistory _yCivil War, 1861-1865. |
|
| 999 |
_c44824 _d44824 |
||